Die entwicklung des sozialismus von der Utopie zur wissenschaft. (Record no. 23731)

MARC details
000 -LEADER
fixed length control field 00832cam a22002411 4500
001 - CONTROL NUMBER
control field g 01001397
003 - CONTROL NUMBER IDENTIFIER
control field DLC
005 - DATE AND TIME OF LATEST TRANSACTION
control field 20260227111254.0
008 - FIXED-LENGTH DATA ELEMENTS--GENERAL INFORMATION
fixed length control field 870904s1891 gw 000 0 ger
010 ## - LIBRARY OF CONGRESS CONTROL NUMBER
LC control number g 01001397
035 ## - SYSTEM CONTROL NUMBER
System control number (OCoLC)16644041
040 ## - CATALOGING SOURCE
Original cataloging agency DLC
Transcribing agency TNJ
Modifying agency TNJ
-- DLC
042 ## - AUTHENTICATION CODE
Authentication code premarc
050 00 - LIBRARY OF CONGRESS CALL NUMBER
Classification number HX276
Item number .E5
100 1# - MAIN ENTRY--PERSONAL NAME
Personal name Engels, Friedrich,
Dates associated with a name 1820-1895.
245 14 - TITLE STATEMENT
Title Die entwicklung des sozialismus von der Utopie zur wissenschaft.
Statement of responsibility, etc. Von Friedrich Engels.
250 ## - EDITION STATEMENT
Edition statement 4. vervollständigte aufl. ...
260 ## - PUBLICATION, DISTRIBUTION, ETC.
Place of publication, distribution, etc. Berlin,
Name of publisher, distributor, etc. Verlag der expedition des "Vorwärts" Berliner volksblatt,
Date of publication, distribution, etc. 1891.
300 ## - PHYSICAL DESCRIPTION
Extent [3]-59 p.
Dimensions 21 cm.
500 ## - GENERAL NOTE
General note Cover-title.
500 ## - GENERAL NOTE
General note "Entstanden aus drei kapiteln meiner arbeit: 'Herrn. E. Dührings umwälzung der wissenschaft,' Leipzig, 1878."
650 #0 - SUBJECT ADDED ENTRY--TOPICAL TERM
Topical term or geographic name entry element Socialism.

No items available.

Powered by Koha